书目信息 |
| 题名: |
国际货代实务案例
|
|
| 作者: | 牛鱼龙 主编 | |
| 分册: | ||
| 出版信息: | 上海 同济大学出版社 2008.09 |
|
| 页数: | 413页 | |
| 开本: | 26cm | |
| 丛书名: | 货代物流实务案例丛书 | |
| 单 册: | ||
| 中图分类: | F511.41 | |
| 科图分类: | ||
| 主题词: | 国际运输--guo ji yun shu--货物运输--代理 (经济) | |
| 电子资源: | ||
| ISBN: | 978-7-5608-3707-9 | |
| 000 | 00895nam 2200253 450 | |
| 001 | 012009382543 | |
| 005 | 20090918100742.56 | |
| 010 | @a978-7-5608-3707-9@dCNY48.00 | |
| 100 | @a20090918d2008 em y0chiy0120 ea | |
| 101 | 0 | @achi |
| 102 | @aCN@b310000 | |
| 105 | @ay z 000yy | |
| 106 | @ar | |
| 200 | 1 | @a国际货代实务案例@Aguo ji huo dai shi wu an li@f牛鱼龙主编@Fniu yu long zhu bian |
| 210 | @a上海@c同济大学出版社@d2008.09 | |
| 215 | @a413页@d26cm | |
| 225 | 2 | @a货代物流实务案例丛书@Ahuo dai wu liu shi wu an li cong shu |
| 330 | @a本书主要内容包括:国际货代概论,国际货代管理,国际货代管理,国际货代合同,国际货代责任,国际货代案例等。 | |
| 410 | 0 | @12001 @a货代物流实务案例丛书 |
| 606 | 0 | @a国际运输@Aguo ji yun shu@x货物运输@x代理 (经济) |
| 690 | @aF511.41@v4 | |
| 701 | 0 | @a牛鱼龙@Aniu yu long@4主编 |
| 801 | 0 | @aCN@bQSSK@c20090918 |
| 905 | @b755169-71@dF511.41@eN726@f3 | |
| 国际货代实务案例/牛鱼龙主编.-上海:同济大学出版社,2008.09 |
| 413页;26cm.-(货代物流实务案例丛书) |
| ISBN 978-7-5608-3707-9:CNY48.00 |
| 本书主要内容包括:国际货代概论,国际货代管理,国际货代管理,国际货代合同,国际货代责任,国际货代案例等。 |
| ● |
| 相关链接 |
|
|
|
正题名:国际货代实务案例
索取号:F511.41/N726
 
预约/预借
| 序号 | 登录号 | 条形码 | 馆藏地/架位号 | 状态 | 备注 |
| 1 | 755169 | 207551692 | 社科库409/409社科库 37排6列2层/ [索取号:F511.41/N726] | 在馆 | |
| 2 | 755170 | 207551709 | 社科二线422/422社科库 47排3列2层/ [索取号:F511.41/N726] | 在馆 | |
| 3 | 755171 | 207551718 | 社科二线422/409社科库 37排6列2层/ [索取号:F511.41/N726] | 在馆 |